Science, technology and society (Record no. 2467)

MARC details
000 -LEADER
fixed length control field 00495nam a22001697a 4500
003 - CONTROL NUMBER IDENTIFIER
control field URS
005 - DATE AND TIME OF LATEST TRANSACTION
control field 20220114142141.0
008 - FIXED-LENGTH DATA ELEMENTS--GENERAL INFORMATION
fixed length control field 191125s2004 ph a|||| |||| 00| 0 eng d
020 ## - INTERNATIONAL STANDARD BOOK NUMBER
International Standard Book Number 9714206065
040 ## - CATALOGING SOURCE
Transcribing agency URS
Language of cataloging eng
Modifying agency rda
050 14 - LIBRARY OF CONGRESS CALL NUMBER
Classification number Q 76
Item number .S4161 2004
100 ## - MAIN ENTRY--PERSONAL NAME
Personal name Selludo, Ballena, Naressia D.
245 10 - TITLE STATEMENT
Title Science, technology and society
Statement of responsibility, etc. Nerissa D. Selludo, Rhodora Bernal
260 ## - PUBLICATION, DISTRIBUTION, ETC.
Place of publication, distribution, etc. Bulacan:
Name of publisher, distributor, etc. Trinitas;
Date of publication, distribution, etc. [2004]
300 ## - PHYSICAL DESCRIPTION
Extent 324 pages:
Other physical details with illustrations;
Dimensions 22 cm.
942 ## - ADDED ENTRY ELEMENTS (KOHA)
Source of classification or shelving scheme Library of Congress Classification
Koha item type Filipiniana
Holdings
Withdrawn status Source of classification or shelving scheme Damaged status Not for loan Collection code Home library Current library Shelving location Date acquired Total Checkouts Full call number Barcode Date last seen Price effective from Koha item type
  Library of Congress Classification     Non-fiction Cainta College Library Cainta College Library On Display 04/12/2018   Q76.S44161 2004 URSCAI-2244 04/12/2018 04/12/2018 Filipiniana
  Library of Congress Classification     Non-fiction Cainta College Library Cainta College Library On Display 04/12/2018   Q76.S4161 2004 URSCAI-2245 04/12/2018 04/12/2018 Filipiniana
  Library of Congress Classification     Non-fiction Cainta College Library Cainta College Library On Display 04/12/2018   Q76.S4161 2004 URSCAI-2246 04/12/2018 04/12/2018 Filipiniana
  Library of Congress Classification     Non-fiction Cainta College Library Cainta College Library On Display 04/12/2018   Q76.S4161 2004 URSCAI-2247 04/12/2018 04/12/2018 Filipiniana
  Library of Congress Classification     Non-fiction Cainta College Library Cainta College Library On Display 04/12/2018   Q76.S44161 2004 URSCAI-2243 04/12/2018 04/12/2018 Filipiniana

University of Rizal System
Email us at univlibservices@urs.edu.ph

Visit our Website www.urs.edu.ph/library